Green Logos Quiz Stats

 Plays Quiz Updated Jul 30, 2014

Support Sporcle.
Go Orange.
Score 0/16 Timer 04:00
7 Plays Today
% Correct
Starbucks
98.1%
Monster Energy
95.3%
XBox 360
92.6%
BP
88.8%
John Deere
85.8%
Green Bay Packers
83.2%
Holiday Inn
82.9%
Heineken
82.5%
% Correct
Boston Celtics
79.2%
Lacoste
78.7%
Android
73.8%
Animal Planet
71%
Girl Scouts of America
56.2%
Spotify
53%
WhatsApp
41.8%
Norwich City FC
19.4%

You're not logged in!

Compare scores with friends on all Sporcle quizzes.
OR
Log In

From the Vault

TV Characters by Show Blitz V

by Doctor_Arzt

The solution is just watching a bunch of TV at the same time.
Remove Ads.
Support Sporcle.
Get the best of Sporcle when you Go Orange. This ad-free experience offers more features, more stats, and more fun while also helping to support Sporcle. Thank you for becoming a member.

Show Comments

Extras

Top Quizzes Today


Score Distribution

Your Account Isn't Verified!

In order to create a playlist on Sporcle, you need to verify the email address you used during registration. Go to your Sporcle Settings to finish the process.

Report this User

Report this user for behavior that violates our Community Guidelines.

Details: